All Songs on Nirvana's Nevermind - Statistics

General Stats
  • This quiz has been taken 29 times
  • The average score is 10 of 13
Answer Stats
Answer % Correct
Smells Like Teen Spirit
100%
Come as You Are
91%
Something in the Way
87%
Lithium
83%
Drain You
78%
Endless, Nameless
78%
In Bloom
78%
Breed
74%
Polly
74%
Territorial Pissings
74%
Lounge Act
70%
On a Plain
70%
Stay Away
70%
No matching quizzes found
Score Distribution
Percent of People with Each Score
Percentile by Number Answered
Your Score History
You have not taken this quiz